01231nam a2200313Ia 4500001001200000003000800012006001900020007001500039008004100054010001700095020001800112020001500130020001800145040002100163035002100184050002400205082001800229100002100247245011400268260004900382300002400431504006200455533015200517650003700669650003900706655002900745710001700774856012600791ebr10659192CaPaEBRm u cr cn|||||||||060209s2007 nyua sb 001 0 eng d z 2006004477 z9781600210341 z1600210341 z9781606926260 aCaPaEBRcCaPaEBR a(OCoLC)31035542014aTJ265b.W827 2007eb04a621.402/12221 aWu, Chih,d1936-10aThermodynamics and heat powered cyclesh[electronic resource] :ba cognitive engineering approach /cChih Wu. aNew York :bNova Science Publishers,cc2007. axiv, 659 p. :bill. aIncludes bibliographical references (p. [651]) and index. aElectronic reproduction.bPalo Alto, Calif. :cebrary,d2013.nAvailable via World Wide Web.nAccess may be limited to ebrary affiliated libraries. 0aThermodynamicsxData processing. 0aHeat engineeringxData processing. 7aElectronic books.2local2 aebrary, Inc.40uhttp://site.ebrary.com/lib/rucke/Doc?id=10659192zAn electronic book accessible through the World Wide Web; click to view